Normal view
MARC view
- كبة،زينب بسام مترجم/السيد سليمان،محمد طالب مراجع/Evertson,Carolyn M مؤلف/Emmer,Edmund م.مؤلف/Worsham,Murray E م.مؤلف/
Entry Personal Name
001 - CONTROL NUMBER
- control field: 22422
003 - CONTROL NUMBER IDENTIFIER
- control field: JO-AjAnu
005 - DATE AND TIME OF LATEST TRANSACTION
- control field: 20230606073854.0
008 - FIXED-LENGTH DATA ELEMENTS
- fixed length control field: 230606|| aca||aabn | a|a d
040 ## - CATALOGING SOURCE
- Original cataloging agency: JO-AjAnu
- Transcribing agency: JO-AjAnu
100 ## - HEADING--PERSONAL NAME
- Personal name: كبة،زينب بسام مترجم/السيد سليمان،محمد طالب مراجع/Evertson,Carolyn M مؤلف/Emmer,Edmund م.مؤلف/Worsham,Murray E م.مؤلف/
670 ## - SOURCE DATA FOUND
- Source citation: Work cat.: (JO-AjAnu)11525: كبة،زينب بسام مترجم/السيد سليمان،محمد طالب مراجع/Evertson,Carolyn M مؤلف/Emmer,Edmund م.مؤلف/Worsham,Murray E م.مؤلف/ , author, الإدارة الصفية لمدرسي المرحلة الثانوية=Classroom Management For Secondary Teachers